000 00478nam a2200181Ia 4500
001 24485
005 20260414151046.0
008 260414t2008||||xx |||||||||||||| ||spa||
041 _aESP
082 _a345.7C5
_bL36 T. 1 2008
100 _aLedesma Narváez, Marianella
_eAUT
245 0 _aComentarios al código procesal civil :
_banálisis artículo por artículo
260 _c2008
300 _a
_c23 cm.
650 _aDER
654 _aCDE
942 _cLIB
_dJUS
_fJUS
_2ddc
_n
999 _c24485
_d24485